00282nam a2200121Ia 4500100002100000650000800021366000700029245005300036260002200089082001800111300000800129546002300137 aThompson/Erik G  aFEM f27 aIntroduction to the finite element method:theory bWiley Indiac2004 a620.0015bTHO a343 aENGLISHcInfo.Tech